| 000 | 00452nam a22001697a 4500 | ||
|---|---|---|---|
| 003 | NUST - PNEC | ||
| 005 | 20170116181011.0 | ||
| 008 | 150913b xxu||||| |||| 00| 0 eng d | ||
| 020 | _a0704201313 | ||
| 040 | _cLIBRARY | ||
| 082 | _a621.3819583 STA | ||
| 100 |
_910211 _aStapleton, Gerald F |
||
| 245 |
_aBeginner's guide to computer logic, _cGerald F. Stapleton |
||
| 260 | _cc.1971 | ||
| 650 |
_910215 _aLogic circuits _xEE,EL |
||
| 942 |
_2ddc _cBK |
||
| 999 |
_c67111 _d67111 |
||